Vista normal
Vista MARC
Entrada Personal Name
Número de registros utilizados en: 1
001 - CONTROL NUMBER
- control field: 18050
003 - CONTROL NUMBER IDENTIFIER
- control field: DLC
005 - DATE AND TIME OF LATEST TRANSACTION
- control field: 20260427095038.0
008 - FIXED-LENGTH DATA ELEMENTS
- fixed length control field: 810312n| azannaabn |n aaa c
010 ## - LIBRARY OF CONGRESS CONTROL NUMBER
- LC control number: n 81020433
035 ## - SYSTEM CONTROL NUMBER
- System control number: (CaEvSKY)skya1640420
035 ## - SYSTEM CONTROL NUMBER
- System control number: (OCoLC)oca00566258
040 ## - CATALOGING SOURCE
- Original cataloging agency: DGPO
- Language of cataloging: spa
- Description conventions: rda
- Transcribing agency: Mx-PuUPA
- Modifying agency: DLC
- Modifying agency: OCoLC
- Modifying agency: DNLM
- Modifying agency: MX-SlUA
- Modifying agency: ICU
- Modifying agency: FM
- Modifying agency: Mx-PuUPA
046 ## - SPECIAL CODED DATES
- Birth date: 19520926
- Source of date scheme: edtf
100 1# - HEADING--PERSONAL NAME
- Personal name: Gastel, Barbara,
- Dates associated with a name: 1952-
372 ## - FIELD OF ACTIVITY
- Field of activity: Escritura médica: estudio y enseñanza.
- Field of activity: Literatura médica--Edición--Estudio y docencia
- Source of term: lcsh
373 ## - ASSOCIATED GROUP
- Associated group: Texas A & M University
- Source of term: naf
- Start period: 1989
374 ## - OCCUPATION
- Occupation: Médico
- Occupation: Profesora universitaria
- Source of term: lcsh
375 ## - GENDER
- Gender: mujer
377 ## - ASSOCIATED LANGUAGE
- Language code: eng
378 ## - FULLER FORM OF PERSONAL NAME
- Fuller form of personal name: Barbara J.
670 ## - SOURCE DATA FOUND
- Source citation: Maternal serum alpha-fetoprotein, 1980 (a.e.)
- Information found: t.p. (Barbara Gastel, M.D., M.P.H. National Center for Health Care Technology) p. vii (special assistant to the director, NCHCT)
670 ## - SOURCE DATA FOUND
- Source citation: Her Presenting science to the public, c1983:
- Information found: CIP t.p. (Barbara Gastel) CIP data sheet (b. 9/26/52)
670 ## - SOURCE DATA FOUND
- Source citation: Her Teaching science in colleges ... 1990:
- Information found: CIP t.p. (Barbara J. Gastel)
670 ## - SOURCE DATA FOUND
- Source citation: Presenting science to the public, ©1983:
- Information found: title page (Barbara Gastel)
670 ## - SOURCE DATA FOUND
- Source citation: LinkedIn website, viewed April 3, 2025:
- Information found: Barbara Gastel profile page (Barbara Gastel; has taught at Texas A&M University since 1989; lives in College Station, Texas; holds MD and MPH from Johns Hopkins University)
670 ## - SOURCE DATA FOUND
- Source citation: The University of Chicago website, viewed April 3, 2025:
- Information found: Barbara Gastel page (Barbara Gastel, MD, MPH; professor of integrative sciences and medical humanities, Texas A&M University, where she coordinates the graduate rpogram in science communications; has aslo played lead roles in international projects to train medical editors and teach scientific writing)
670 ## - SOURCE DATA FOUND
- Source citation: Texas A&M University, College of Medicine website, viewed April 3, 2025:
- Information found: Barbara Gastel, MD, MPH page (Barbara Gastel, MD, MPH; physician specializing in biomedical writing and editing, is professor of integrative biosciences, humanities in medicine, and biotechnology at Texas A&M University, where she coordinates the master's degree program in science and technology journalism)